Netflix-Serien nach Bildern 3 - Statistiken

Allgemein
  • Dieses Quiz wurde 66 mal gespielt
  • Das Durchschnittsergebnis liegt bei 4 aus 16
Antwortstatistiken
Bildquiz Antwort % Korrekt
You – Du wirst mich lieben
69%
Suits
68%
Dark
44%
House of Cards
42%
Alice in Borderland
37%
Ich und die Walter Boys
32%
Finding Her Edge
15%
Cyberpunk: Edgerunners
14%
Olympo
14%
3%
8%
Bet
8%
Running Point
7%
Building the Band
5%
The Devil's Plan
5%
Culinary Class Wars
3%
Physical: Asia
3%
Keine übereinstimmenden Quizze gefunden
Verteilung der Resultate
Anzahl Personen mit jedem Resultat
Perzentil nach korrekt beantworteten Fragen
Ihre Resultats-Entwicklung
Sie haben dieses Quiz noch nicht gespielt